| 000 | 00353nam a2200145Ia 4500 | ||
|---|---|---|---|
| 008 | 150301s2015 xx 000 0 und d | ||
| 082 |
_a615.1 _bM11S |
||
| 100 | _aJ PATRICK SINKO | ||
| 245 |
_aMARTIN'S PHYSICAL PHARMACY _ PHRMACEUTICAL |
||
| 250 | _a50TH | ||
| 260 | _bWOLTER KLUMER | ||
| 300 | _a660 | ||
| 650 | _aPHARMACEUTICS | ||
| 942 |
_2ddc _cBK _01 |
||
| 999 |
_c7248 _d7248 |
||